| 000 | 00437nam a2200145Ia 4500 | ||
|---|---|---|---|
| 008 | 230917s9999||||xx |||||||||||||| ||und|| | ||
| 040 |
_e46649 _aMAIN |
||
| 041 | _aEnglish | ||
| 082 | _a822.33 S15P:O | ||
| 100 | _aPartridge, A C | ||
| 245 | 0 | _aOrthography in Shakespeare and Elizabethan drama: A study of colloquial, elision, prosody and punctuation | |
| 260 |
_aLondon _bEdward Arnold _c1964 |
||
| 300 | _aviii, 200 p. | ||
| 942 | _cBK | ||
| 999 |
_c193126 _d193126 |
||